Formación en valores: una alternativa para construir ciudadanía. = Formation in values: an alternative to constructing ctizenship. Formaçao em valores: uma alternativa para construir a cidadania /
Guardado en:
| Autor principal: | |
|---|---|
| Formato: | Texto |
| Materias: | |
| Etiquetas: |
Agregar Etiqueta
Sin Etiquetas, Sea el primero en etiquetar este registro!
|
MARC
| LEADER | 00000 a a2200000 04500 | ||
|---|---|---|---|
| 001 | 18383 | ||
| 003 | |||
| 040 | |||
| 100 | |a Calle, María Graciela | ||
| 245 | |a Formación en valores: una alternativa para construir ciudadanía. = |b Formation in values: an alternative to constructing ctizenship. Formaçao em valores: uma alternativa para construir a cidadania / |c María Graciela Calle | ||
| 650 | |a NACIONALIDAD | ||
| 650 | |a ETICA | ||
| 650 | |a VALORES SOCIALES | ||
| 650 | |a EDUCACION | ||
| 773 | |g número 6; páginas 339-356 | ||
| 999 | |c 35701 |d 35701 | ||
